[Event "ESP-ch Amateurs U1700"]
[Site "Murcia"]
[Date "2022.08.30"]
[Round "1.1"]
[White "Torres Alvarez, Augusto"]
[Black "Ibanez Koblash, Daniel"]
[Result "0-1"]
[WhiteElo "1414"]
[BlackElo "1681"]
[PlyCount "42"]
[EventDate "2022.08.30"]
[EventType "swiss"]
[EventRounds "9"]
[EventCountry "ESP"]
[SourceTitle "EXT 2024"]
[Source "ChessBase"]
[SourceDate "2023.10.10"]
[SourceVersion "1"]
[SourceVersionDate "2023.10.10"]
[SourceQuality "1"]

1. e4 e5 2. Nf3 Nc6 3. Bc4 Bc5 4. 0-0 Nf6 5. d4 Bxd4 6. Nxd4 Nxd4 7. Bg5 d6 8. Nc3 Be6 9. Bb3 h6 10. Bh4 0-0 11. f4 Nxb3 12. axb3 exf4 13. Bxf6 Qxf6 14. Qf3 g5 15. Rad1 Qe5 16. h3 Kh7 17. Rfe1 Rg8 18. Qd3 g4 19. hxg4 Rxg4 20. Rf1 Rag8 21. Rd2 Qc5+ 0-1

[Event "Madrid-ch sf"]
[Site "Madrid"]
[Date "2016.02.23"]
[Round "8"]
[White "Ramos Antona, Enrique"]
[Black "Torres Alvarez, Augusto"]
[Result "1-0"]
[WhiteElo "1561"]
[BlackElo "1501"]
[PlyCount "117"]
[EventDate "2016.02.08"]
[EventType "swiss"]
[EventRounds "9"]
[EventCountry "ESP"]
[SourceTitle "CBM 171 Extra"]
[Source "ChessBase"]
[SourceDate "2016.04.26"]
[SourceVersion "1"]
[SourceVersionDate "2016.04.26"]
[SourceQuality "1"]

1. Nf3 Nf6 2. d4 d5 3. c4 e6 4. e3 b6 5. cxd5 exd5 6. Bd3 Nbd7 7. 0-0 Be7 8. Nc3 Bb7 9. a3 0-0 10. b4 h6 11. Bb2 a6 12. Rc1 c5 13. bxc5 bxc5 14. Ne2 c4 15. Bb1 Rb8 16. Qc2 Re8 17. Nc3 Bd6 18. h3 Qe7 19. a4 Bc7 20. Ne2 Qe4 21. Qd2 Qe7 22. a5 Ba8 23. Bc3 Ne4 24. Bxe4 Qxe4 25. Rfe1 Nf6 26. Ne5 Qf5 27. Ng3 Qe6 28. f3 Nd7 29. f4 f5 30. Rb1 Nf6 31. Rf1 Bd6 32. Bb4 Rec8 33. Bxd6 Qxd6 34. Rxb8 Rxb8 35. Nxf5 Qa3 36. Rc1 Rb2 37. Qe1 Qa2 38. Qg3 Rb7 39. Nxh6+ Kf8 40. Nf5 Qd2 41. Rf1 c3 42. Ng6+ Kg8 43. Nge7+ Rxe7 44. Nxe7+ Kf7 45. Nf5 g6 46. Nd6+ Kf8 47. Qe1 Qd3 48. Qd1 Qxe3+ 49. Kh1 Nh5 50. Rf3 Ng3+ 51. Kh2 Qd2 52. Qxd2 cxd2 53. Rd3 Ne2 54. Rxd2 Nc3 55. Rc2 Ne4 56. Nxe4 dxe4 57. Rc8+ Ke7 58. Rxa8 e3 59. Rb8 1-0

[Event "Madrid-ch Previa-B"]
[Site "Madrid"]
[Date "2013.02.07"]
[Round "3"]
[White "Escanciano Reyero, Daniel"]
[Black "Torres Alvarez, Augusto"]
[Result "1-0"]
[WhiteElo "1498"]
[BlackElo "1541"]
[PlyCount "145"]
[EventDate "2013.02.01"]
[EventType "swiss"]
[EventRounds "9"]
[EventCountry "ESP"]
[SourceTitle "CBM 152 Extra"]
[Source "ChessBase"]
[SourceDate "2013.02.25"]
[SourceVersion "1"]
[SourceVersionDate "2013.02.25"]
[SourceQuality "1"]

1. e4 e6 2. d4 d5 3. Nc3 Nf6 4. exd5 exd5 5. Nf3 c5 6. Be3 Qb6 7. Rb1 Nc6 8. Qd2 c4 9. b3 cxb3 10. Rxb3 Qc7 11. Bb5 Bd7 12. 0-0 Bd6 13. Re1 0-0 14. Ne2 Bg4 15. Bf4 Bxf3 16. Rxf3 Ne4 17. Qd3 a6 18. Bxc6 Qxc6 19. Rh3 Rfe8 20. Bxd6 Qxd6 21. Ng3 Qg6 22. Nxe4 Rxe4 23. Rxe4 Qxe4 24. Qxe4 dxe4 25. g4 Rc8 26. c3 g6 27. g5 Rc4 28. Re3 Ra4 29. Re2 b5 30. Kg2 Ra3 31. Rc2 f5 32. gxf6 Kf7 33. Kg3 g5 34. Kg4 Kxf6 35. Kh5 b4 36. cxb4 Rh3+ 37. Kg4 Rxh2 38. Kg3 Rh1 39. Rc6+ Kf5 40. Rxa6 Rd1 41. Ra5+ Kf6 42. d5 h5 43. Ra6+ Ke5 44. Rh6 Rd3+ 45. Kg2 Rxd5 46. Rxh5 Kd4 47. Rh1 Kc4 48. Rb1 Kb5 49. Kf1 Rd3 50. Ke2 g4 51. Rg1 Ra3 52. Rxg4 Rxa2+ 53. Ke3 Kxb4 54. Rxe4+ Kc5 55. Kf3 Kd5 56. Re1 Ra4 57. Kg3 Ra6 58. f4 Rg6+ 59. Kf3 Rf6 60. Kg4 Re6 61. Rd1+ Ke4 62. f5 Rc6 63. Re1+ Kd5 64. Kg5 Rc2 65. Kg6 Rg2+ 66. Kf7 Kd6 67. f6 Rg5 68. Rd1+ Kc6 69. Kf8 Kc7 70. Re1 Rg6 71. Ke7 Rg8 72. f7 Rg7 73. Ke8 1-0

[Event "Collado Villalba op-B 29th"]
[Site "Collado Villalba"]
[Date "2012.08.26"]
[Round "3"]
[White "Torres Alvarez, Augusto"]
[Black "Garcia Hernandez, Javier"]
[Result "0-1"]
[WhiteElo "1561"]
[BlackElo "1721"]
[PlyCount "50"]
[EventDate "2012.08.24"]
[EventType "swiss"]
[EventRounds "9"]
[EventCountry "ESP"]
[SourceTitle "CBM 150 Extra"]
[Source "ChessBase"]
[SourceDate "2012.10.19"]
[SourceVersion "1"]
[SourceVersionDate "2012.10.19"]
[SourceQuality "1"]

1. d4 d5 2. c4 dxc4 3. Nf3 c5 4. e3 cxd4 5. exd4 e6 6. Nc3 Nf6 7. Bg5 Be7 8. Bxc4 0-0 9. 0-0 b6 10. d5 Qc7 11. Qb3 exd5 12. Nxd5 Nxd5 13. Bxe7 Nxe7 14. Ng5 Qf4 15. Bxf7+ Rxf7 16. Nxf7 Qxf7 17. Qb4 Nbc6 18. Qd6 Qg6 19. Qa3 Bb7 20. Rad1 Rd8 21. Qf3 Rf8 22. Qb3+ Qf7 23. Qa3 Nb8 24. Rd3 Ng6 25. Rfd1 Qxf2+ 0-1